000 00408pab a2200157 454500
008 180718b2006 xxu||||| |||| 00| 0 eng d
100 _aSebastian, P.A.
245 _aPolitical context of Mumbai bomb blasts
260 _c2006
300 _ap.3750-751.
362 _a2 Sep
650 _aTerrorism - India - Maharashtra
650 _aTerrorism
773 _aEconomic and Political Weekly
909 _a71422
999 _c71422
_d71422